LEADER 00798cam0-22002771i-450- 001 990006088350403321 005 19980601 010 $a02-620-6104-X 035 $a000608835 035 $aFED01000608835 035 $a(Aleph)000608835FED01 035 $a000608835 100 $a19980601d1986----km-y0itay50------ba 105 $ay-------001yy 200 1 $aJapanese financial markets$edeficits, dilemmas and deregulation$fRobert Alan Feldman 210 $aCambridge$cThe MIT press$d1986 215 $a245 p.$d23 cm 676 $a332.452$v20$zita 700 1$aFeldman,$bRobert Alan$0231791 801 0$aIT$bUNINA$gRICA$2UNIMARC 901 $aBK 912 $a990006088350403321 952 $aXV L[2] 52$b6867*$fFGBC 959 $aFGBC 996 $aJapanese financial markets$9576815 997 $aUNINA LEADER 01048cam0-22003371i-450- 001 990004628170403321 005 20051117105316.0 010 $a0-520-07820-9 035 $a000462817 035 $aFED01000462817 035 $a(Aleph)000462817FED01 035 $a000462817 100 $a19990604d1993----km-y0itay50------ba 101 0 $aeng 102 $aUS 105 $ay-------001yy 200 1 $aMoney, expense, and naval power in Thucydides' History 1-5.24$fLisa Kallet-Marx 210 $aBerkeley , Los Angeles$cUniversity of California press$dİ1993 215 $aXIII, 229 p.$d24 cm 610 0 $aStoriografia$aTucidide$aHistoriae 676 $a938.01 676 $a938.05072$v21$zita 700 1$aKallet-Marx,$bLisa$0183961 801 0$aIT$bUNINA$gRICA$2UNIMARC 901 $aBK 912 $a990004628170403321 952 $a938.05 KAL 1$bBibl. 18214$fFLFBC 952 $aP2B-610-THUCYDIDES-8K.L.-1993$fFLFBC 959 $aFLFBC 996 $aMoney, expense, and naval power in Thucydides' History 1-5.24$9552153 997 $aUNINA LEADER 01204nam0-22003731i-450- 001 990000157070403321 005 20160415124251.0 010 $a88-207-2864-8 035 $a000015707 035 $aFED01000015707 035 $a(Aleph)000015707FED01 035 $a000015707 100 $a20020821d--------km-y0itay50------ba 101 0 $aita 105 $ay-------001yy 200 1 $aIntroduzione alla tecnica statistico-energetica (S.E.A.) per la dinamica strutturale e l'acustica interna$fSergio De Rosa , Francesco Franco , Fabrizio Ricci. 210 $aNapoli$cLiguori$d1999 215 $a225 p.$cill.$d24 cm + floppy disk 610 0 $aAlta frequenza 610 0 $aVibrazioni$aMeccanica 676 $a531.32 700 1$aDe Rosa,$bSergio$0334032 702 1$aFranco,$bFrancesco 702 1$aRicci,$bFabrizio 801 0$aIT$bUNINA$gRICA$2UNIMARC 901 $aBK 912 $a990000157070403321 952 $a13 P 15 15$b11777$fFINBC 952 $a13 N 05 23$b15985$fFINBC 952 $aD91$fDINPA 959 $aFINBC 959 $aDINPA 996 $aIntroduzione alla tecnica statistico-energetica (S.E.A.) per la dinamica strutturale e l'acustica interna$9121559 997 $aUNINA LEADER 00858nam2-22003131i-450- 001 990002021570403321 005 20090325132240.0 035 $a000202157 035 $aFED01000202157 035 $a(Aleph)000202157FED01 035 $a000202157 100 $a20030910d1947----km-y0itay50------ba 101 0 $aeng 200 1 $aFulgoroidea$fZ. P. Metcalf 210 $aNorthampton$cSmith College$d1947 215 $a276 p.$d23 cm 327 0 $a9.: Fulgoridae 461 0$1001000203009$12001$aGeneral catalogue of the Hemiptera$v4 610 0 $aFulgoroidea 610 0 $aRhynchota Homoptera 676 $a595.752 700 1$aMetcalf,$bZeno P.$085747 801 0$aIT$bUNINA$gRICA$2UNIMARC 901 $aBK 912 $a990002021570403321 952 $a61 IV F.7/06.4.09$b2044$fDAGEN 959 $aDAGEN 996 $aFulgoroidea$9405199 997 $aUNINA LEADER 01061nam--2200361---450- 001 990001335710203316 005 20040107170951.0 035 $a000133571 035 $aUSA01000133571 035 $a(ALEPH)000133571USA01 035 $a000133571 100 $a20040107d1977----km-y0itay0103----ba 101 0 $aita 102 $aIT 105 $a||||||||001yy 200 1 $aSindacato e partito$eantologia di interventi di sindacalisti sul rapporto fra sindacato e sistema politico in Italia$fRomano Alquati 210 $aTorino$cEdizioni Stampatori$d1977 215 $a226 p.$d21 cm 410 0$12001 454 1$12001 461 1$1001-------$12001 606 0 $aSindacati e partiti$yItalia$xSaggi 676 $a331.88 700 1$aALQUATI,$bRomano$0135446 801 0$aIT$bsalbc$gISBD 912 $a990001335710203316 951 $aXV B 155$b82079 L.M.$cXV B 959 $aBK 969 $aUMA 979 $aSIAV5$b10$c20040107$lUSA01$h1709 979 $aPATRY$b90$c20040406$lUSA01$h1734 996 $aSindacato e partito$9823951 997 $aUNISA